000 00423nmm a2200157Ia 4500
008 251105s9999||||xx |||||||||||||||||und||
020 _a9788431540777
041 _aspa
100 _aTomasini, Elda
245 0 _aHot cocina: Los afrodisiacos
264 _a[Madrid, España] :
_bDe Vecchi,
_c2012
300 _a96 páginas
650 _aCooking
856 _uhttps://public.digitaliapublishing.com/a/31145
942 _cCF
999 _c81579
_d81579